000 01799 a2200265 4500
001 26849
005 20260407155546.0
008 260407a1995 arg spa d
003 AR-UNSa-BCEJYS
040 _aAR-UNSa-BCEJYS
_bspa
_cAR-UNSa-BCEJYS
080 _a347.736
_xQuiebra. Insolvencia. Suspensión de pagos. Bancarrota, procedimientos. Derecho Concursal
245 1 0 _aConcursos y quiebras
_pLey 24.522
020 _a950-727-084-1
264 1 _aSanta Fe :
_bRubinzal-Culzoni Editores
_c1995
300 _a480 p.
_c23 cm.
505 _aParte I: De los concursos: 1. Principios generales - Parte II: Concurso Preventivo: 1. Requisitos - 2. Apertura - 3. Trámite hasta el acuerdo - 4. Prpuesta, período de exclusividad y régimen del acuerdo preventivo - 5. Impugnación, homologación, cumplimiento y nulidad del acuerdo - 6. Concurso en caso de agrupamiento - 7. Acuerdo preventivo extrajudicial - Parte III: Quiebra : 1. Declaración - 2. Efectos de quiebra - Extensión de la quiebra.Grupos económicos.Responsabilidad de terceros - 4. Incautación, conservación y administración de los bienes - 5. Período informativo en la quiebra - 6. Liquidación y distribución - 7. Conclusión de quiebra - 8. Clausura del procedimiento - Parte IV: 1. Privilegios - 2. Funcionarios y empleados de los concursos - 3. Reglas procesales - 4. De los pequeños concursos y quiebras - 5. Disposiciones transitorias y complementarias.
942 _cBK
590 _aniveau_biblio:m niveau_hierar:0
100 1 _aRoitman, Horacio
700 1 _aRivera, Julio César
700 1 _aVítolo, Daniel Roque
650 _aLey Nº 24.522
856 4 1 _uhttps://biblioeco.unsa.edu.ar/pmb/images/libros/Concursos y Quiebras Ley 24.522-l70467.jpg
_yImagen de portada
_qimage/jpeg
650 _a ley nº 24 522
999 _c1503
_d1503